000 00293nam a2200121Ia 4500
008 220204s9999 xx 000 0 und d
082 _a581:576.6
_bSCO
100 _aScott, George D
245 0 _aPlant symbiosis
260 _aNew Delhi
_bVikas
_c1969
650 _aPlant symbiosis
942 _cBK
999 _c23372
_d23372